The 100 : a ranking of the most inflential persons in history

Bibliographic Details
Main Author: Hart, Michael
Format: Book
Published: Kuala Lumpur : Golden Book , 1989
Subjects:

MARC

LEADER 00000cam a2200000 7i4500
001 0000000142
002 000000197
005 20000330.0
020 |a 9679959333 
090 0 0 |a 920   |b HAR 
100 0 |a Hart, Michael 
245 1 4 |a The 100 :   |b a ranking of the most inflential persons in history   |c Michael H.Hart 
260 |a Kuala Lumpur :   |b Golden Book ,   |c 1989 
300 |a 572p. ;   |c 25cm. 
650 0 0 |a Biography 
999 |a 027879   |b BUKU   |c RUJUKAN   |e PERPUSTAKAAN KOMUNITI PETALING JAYA